000
00210nam a22001097a 4500
999
_c
533617
_d
533617
040
_c
dlc
082
_a
823.914
100
_a
Dexter Dias
_9
27574
245
_a
Rule of Law
300
_a
499p
942
_2
ddc
_c
BK